<?xml version="1.0" encoding="UTF-8"?><?xml-stylesheet type="text/xsl" href="static/style.xsl"?><OAI-PMH xmlns="http://www.openarchives.org/OAI/2.0/" xmlns:xsi="http://www.w3.org/2001/XMLSchema-instance" xsi:schemaLocation="http://www.openarchives.org/OAI/2.0/ http://www.openarchives.org/OAI/2.0/OAI-PMH.xsd"><responseDate>2026-04-13T15:05:22Z</responseDate><request verb="GetRecord" identifier="oai:www.recercat.cat:2445/222833" metadataPrefix="marc">https://recercat.cat/oai/request</request><GetRecord><record><header><identifier>oai:recercat.cat:2445/222833</identifier><datestamp>2025-12-05T00:51:54Z</datestamp><setSpec>com_2072_1057</setSpec><setSpec>col_2072_478916</setSpec><setSpec>col_2072_478917</setSpec></header><metadata><record xmlns="http://www.loc.gov/MARC21/slim" xmlns:dcterms="http://purl.org/dc/terms/" xmlns:xsi="http://www.w3.org/2001/XMLSchema-instance" xmlns:doc="http://www.lyncode.com/xoai" xsi:schemaLocation="http://www.loc.gov/MARC21/slim http://www.loc.gov/standards/marcxml/schema/MARC21slim.xsd">
   <leader>00925njm 22002777a 4500</leader>
   <datafield ind2=" " ind1=" " tag="042">
      <subfield code="a">dc</subfield>
   </datafield>
   <datafield ind2=" " ind1=" " tag="720">
      <subfield code="a">Argyriou, Andreas A.</subfield>
      <subfield code="e">author</subfield>
   </datafield>
   <datafield ind2=" " ind1=" " tag="720">
      <subfield code="a">Velasco, Roser</subfield>
      <subfield code="e">author</subfield>
   </datafield>
   <datafield ind2=" " ind1=" " tag="720">
      <subfield code="a">Kalofonou, Foteini</subfield>
      <subfield code="e">author</subfield>
   </datafield>
   <datafield ind2=" " ind1=" " tag="720">
      <subfield code="a">Litsardopoulos, Pantelis</subfield>
      <subfield code="e">author</subfield>
   </datafield>
   <datafield ind2=" " ind1=" " tag="720">
      <subfield code="a">Alemany, Montse</subfield>
      <subfield code="e">author</subfield>
   </datafield>
   <datafield ind2=" " ind1=" " tag="720">
      <subfield code="a">Rikos, Dimitrios</subfield>
      <subfield code="e">author</subfield>
   </datafield>
   <datafield ind2=" " ind1=" " tag="720">
      <subfield code="a">Kalofonos, Haralabos P.</subfield>
      <subfield code="e">author</subfield>
   </datafield>
   <datafield ind2=" " ind1=" " tag="720">
      <subfield code="a">Bruna, Jordi</subfield>
      <subfield code="e">author</subfield>
   </datafield>
   <datafield ind2=" " ind1=" " tag="260">
      <subfield code="c">2025-08-29T11:13:32Z</subfield>
   </datafield>
   <datafield ind2=" " ind1=" " tag="260">
      <subfield code="c">2025-08-29T11:13:32Z</subfield>
   </datafield>
   <datafield ind2=" " ind1=" " tag="260">
      <subfield code="c">2025-07-21</subfield>
   </datafield>
   <datafield ind2=" " ind1=" " tag="260">
      <subfield code="c">2025-08-26T08:58:59Z</subfield>
   </datafield>
   <datafield ind2=" " ind1=" " tag="520">
      <subfield code="a">ObjectiveTo determine whether the clinical phenotype of chemotherapy-induced neuropathic pain (CINP) varies based on the gender and age of patients.MethodsRetrospective, file-based analysis of cancer patients who received any conventional standard of care chemotherapy and were referred to assess the extent of painful chemotherapy-induced peripheral neurotoxicity (CIPN). A Propensity Score Matching Analysis (PSMA) was conducted to create balanced cohorts; accounting for variables that could impact the incidence and severity of CINP in CIPN patients. A total of 205 males and 295 females were initially included, and after PSMA, 191 patients of each gender were equally matched; totaling 382 patients. These patients were divided according to their age to those aged &lt;= 65 years (group I, n=216) and patients aged >= 66 years (group II, n=166). CINP was assessed using the pain intensity numerical rating scale (PI-NRS) and the Douleur Neuropathique-4 questionnaire (DN4). The severity of CIPN was graded with Total Neuropathy Score-clinical (TNSc (R)).ResultsThe incidence of CINP was similar between males and females (27.2% vs. 27.7%; p = 1). The same applied for the DN4 scorings at CINP onset (median 7; p = 0.9). The severity of CINP at the end of chemotherapy, according to PI-NRS, was 7 (range:6-9) for males vs. 7 (range: 5-8) for females (p = 0.09), while at 3 months post-chemotherapy the PI-NRS scorings were comparable (p = 0.56). However, males tended towards higher rates of severe CINP (PI-NRS >= 7) [males: 59.5%, females: 40.5%; p = 0.1], compared to female patients, despite having lower CIPN severities, according to TNSc (R) scoring. No statistically significant differences were observed in the incidence (25% vs. 30.7%; p = 0.214) and severity (mean PI-NRS difference p = 0.584) of CINP between age groups. Older male patients presented a higher likelihood (OR: 1.08; 95CI: 1.01-1.16; p = 0.027) of severe pain (PI-NRS >= 7) at the end of chemotherapy, compared to their younger counterparts.ConclusionThere were no significant differences found between the occurrence and severity of CINP, based on gender or age. However, older men had more severe pain raters (PI-NRS), while scoring lower in TNSc (R) severities.</subfield>
   </datafield>
   <datafield tag="653" ind2=" " ind1=" ">
      <subfield code="a">Dolor oncològic</subfield>
   </datafield>
   <datafield tag="653" ind2=" " ind1=" ">
      <subfield code="a">Factors sexuals en les malalties</subfield>
   </datafield>
   <datafield tag="653" ind2=" " ind1=" ">
      <subfield code="a">Factors d'edat en les malalties</subfield>
   </datafield>
   <datafield tag="653" ind2=" " ind1=" ">
      <subfield code="a">Cancer pain</subfield>
   </datafield>
   <datafield tag="653" ind2=" " ind1=" ">
      <subfield code="a">Sex factors in disease</subfield>
   </datafield>
   <datafield tag="653" ind2=" " ind1=" ">
      <subfield code="a">Age factors in disease</subfield>
   </datafield>
   <datafield ind2="0" ind1="0" tag="245">
      <subfield code="a">Gender and age effects on the incidence and severity of chemotherapy-induced neuropathic pain: a propensity score matching analysis</subfield>
   </datafield>
</record></metadata></record></GetRecord></OAI-PMH>